00558nam a2200121Ia 4500008004100000100001900041245008400060245009500144260000900239300002900248440003000277650012900307171207s9999 xx 000 0 und d aStevens, Robin 4aThe digital hood: Social media use among youth in disadvantaged neighborhoods  cRobin Stevens, Stacia Gilliard-Matthews, Jamie Dunaev, Marcus K Woods, Bridgette M Brawner c2017 apages 950-967, June 2017 aNew Media & Societyv19:6 aAfrican American, digital neighborhood, Facebook, Internet, Latino/a, neighborhood disadvantage, sexual health, social media